[Event "SVK-chT2C 2223"]
[Site "Slovakia"]
[Date "2023.02.12"]
[Round "9.4"]
[White "Pal, Peter"]
[Black "Zavarsky, Juraj"]
[Result "1/2-1/2"]
[WhiteElo "2065"]
[BlackElo "1949"]
[PlyCount "27"]
[EventDate "2022.10.08"]
[EventType "team-tourn"]
[EventRounds "11"]
[EventCountry "SVK"]
[SourceTitle "EXT 2024"]
[Source "ChessBase"]
[SourceDate "2023.10.10"]
[SourceVersion "1"]
[SourceVersionDate "2023.10.10"]
[SourceQuality "1"]
[WhiteTeam "Filakovo"]
[BlackTeam "Martin Medea"]
[WhiteTeamCountry "SVK"]
[BlackTeamCountry "SVK"]

1. Nf3 Nf6 2. c4 g6 3. g3 Bg7 4. Bg2 0-0 5. 0-0 d6 6. Nc3 e5 7. d3 a5 8. h3 Na6 9. Bg5 h6 10. Be3 Be6 11. Rc1 c5 12. Kh2 Rb8 13. Qd2 Kh7 14. g4 1/2-1/2

[Event "SVK-chT2C 1920"]
[Site "Slovakia"]
[Date "2019.11.16"]
[Round "3.5"]
[White "Pal, Peter"]
[Black "Geffert, Anton"]
[Result "1/2-1/2"]
[WhiteElo "2071"]
[BlackElo "1912"]
[PlyCount "47"]
[EventDate "2019.10.26"]
[EventType "team-tourn"]
[EventRounds "11"]
[EventCountry "SVK"]
[SourceTitle "CBM 193 Extra"]
[Source "ChessBase"]
[SourceDate "2020.01.31"]
[SourceVersion "1"]
[SourceVersionDate "2020.01.31"]
[SourceQuality "1"]
[WhiteTeam "Filakovo"]
[BlackTeam "Banska Bystrica Veza"]
[WhiteTeamCountry "SVK"]
[BlackTeamCountry "SVK"]

1. Nf3 d5 2. d4 Nf6 3. c4 e6 4. Nc3 a6 5. e3 Nbd7 6. Bd3 c5 7. cxd5 exd5 8. 0-0 c4 9. Bc2 b5 10. e4 dxe4 11. Nxe4 Be7 12. Ne5 Nxe5 13. dxe5 Qxd1 14. Rxd1 Nd7 15. f4 0-0 16. Be3 Nb8 17. Nd6 Bd7 18. a4 Bxd6 19. Rxd6 Bc6 20. axb5 axb5 21. Rxa8 Bxa8 22. Rb6 Bc6 23. Bc5 Rc8 24. Bf5 1/2-1/2

[Event "SVK-chT1E 1314"]
[Site "Slovakia"]
[Date "2013.11.17"]
[Round "4.4"]
[White "Pal, Peter"]
[Black "Mrvova, Alena"]
[Result "1/2-1/2"]
[WhiteElo "2103"]
[BlackElo "2242"]
[PlyCount "82"]
[EventDate "2013.10.12"]
[EventType "team-tourn"]
[EventRounds "11"]
[EventCountry "SVK"]
[SourceTitle "EXT 2015"]
[Source "ChessBase"]
[SourceDate "2014.11.20"]
[SourceVersion "1"]
[SourceVersionDate "2014.11.20"]
[SourceQuality "1"]
[WhiteTeam "Filakovo"]
[BlackTeam "Humenne"]
[WhiteTeamCountry "SVK"]
[BlackTeamCountry "SVK"]

1. Nf3 Nf6 2. c4 g6 3. g3 b6 4. Bg2 Bb7 5. 0-0 c5 6. d4 cxd4 7. Nxd4 Bxg2 8. Kxg2 Qc8 9. b3 Bg7 10. Bb2 0-0 11. Nd2 Qb7+ 12. Kg1 e5 13. Nb5 Nc6 14. e4 a6 15. Nc3 b5 16. Nd5 Nd4 17. Rc1 bxc4 18. Nxf6+ Bxf6 19. Rxc4 Rac8 20. Bxd4 exd4 21. Qf3 Rxc4 22. Nxc4 Qc6 23. Kg2 Re8 24. Re1 Bg7 25. Re2 Qe6 26. Kf1 h5 27. e5 Qc6 28. Qxc6 dxc6 29. b4 Bf8 30. a3 Re6 31. f4 c5 32. bxc5 Bxc5 33. Rb2 Rc6 34. Ke2 Kf8 35. Rb7 Ke8 36. Kd3 Bxa3 37. Kxd4 Be7 38. h3 Kf8 39. g4 hxg4 40. hxg4 f6 41. f5 gxf5 1/2-1/2

[Event "SVK-chT1E 1314"]
[Site "Slovakia"]
[Date "2013.10.13"]
[Round "2.5"]
[White "Zvarikova, Alexandra"]
[Black "Pal, Peter"]
[Result "1/2-1/2"]
[WhiteElo "2001"]
[BlackElo "2103"]
[PlyCount "76"]
[EventDate "2013.10.12"]
[EventType "team-tourn"]
[EventRounds "11"]
[EventCountry "SVK"]
[SourceTitle "EXT 2015"]
[Source "ChessBase"]
[SourceDate "2014.11.20"]
[SourceVersion "1"]
[SourceVersionDate "2014.11.20"]
[SourceQuality "1"]
[WhiteTeam "Zilina Mladost"]
[BlackTeam "Filakovo"]
[WhiteTeamCountry "SVK"]
[BlackTeamCountry "SVK"]

1. e4 c5 2. Nc3 Nc6 3. g3 g6 4. Bg2 Bg7 5. d3 d6 6. f4 Nf6 7. Nf3 Bg4 8. h3 Bxf3 9. Bxf3 Qd7 10. Be3 Nd4 11. Bg2 0-0 12. 0-0 Rac8 13. g4 b5 14. Ne2 Nxe2+ 15. Qxe2 Ne8 16. Rab1 f5 17. exf5 gxf5 18. g5 Nc7 19. h4 Rce8 20. Qf3 e6 21. h5 Nd5 22. Bf2 b4 23. Qg3 Qf7 24. Bf3 Kh8 25. Qh2 Rg8 26. h6 Bf6 27. Kh1 Bd8 28. Bh5 Qb7 29. Qg2 Re7 30. Bf3 Qc6 31. c4 bxc3 32. bxc3 Qe8 33. Bxd5 exd5 34. Qf3 Qf7 35. Rfe1 Rge8 36. Kg2 Rxe1 37. Rxe1 Rxe1 38. Bxe1 Qe6 1/2-1/2

[Event "SVK-chT1E 1314"]
[Site "Slovakia"]
[Date "2013.10.12"]
[Round "1.4"]
[White "Saga, Vladimir"]
[Black "Pal, Peter"]
[Result "0-1"]
[WhiteElo "2032"]
[BlackElo "2103"]
[PlyCount "80"]
[EventDate "2013.10.12"]
[EventType "team-tourn"]
[EventRounds "11"]
[EventCountry "SVK"]
[SourceTitle "EXT 2015"]
[Source "ChessBase"]
[SourceDate "2014.11.20"]
[SourceVersion "1"]
[SourceVersionDate "2014.11.20"]
[SourceQuality "1"]
[WhiteTeam "Kysucke Nove Mesto"]
[BlackTeam "Filakovo"]
[WhiteTeamCountry "SVK"]
[BlackTeamCountry "SVK"]

1. d4 Nf6 2. g3 d5 3. Bg2 g6 4. Nf3 Bg7 5. 0-0 0-0 6. Re1 Ne4 7. e3 c6 8. Nfd2 f5 9. f4 e6 10. c4 h5 11. Nxe4 fxe4 12. Nc3 Bd7 13. h4 Be8 14. Qb3 Qb6 15. Qc2 Bf7 16. b3 Nd7 17. Ba3 Rfc8 18. Rac1 Qa5 19. Qb2 b5 20. b4 Qb6 21. c5 Qb7 22. Qd2 a5 23. bxa5 Rxa5 24. Bb4 Ra7 25. Bf1 Nf6 26. a3 Ng4 27. Bh3 Nh6 28. Rb1 Bf6 29. Qc2 Kh7 30. a4 bxa4 31. Nxa4 Nf5 32. Nb6 Rg8 33. Bxf5 gxf5 34. Kf2 Be8 35. Rh1 Qg7 36. Rbg1 Bxd4 37. g4 fxg4 38. Bd2 g3+ 39. Kg2 Qg4 40. Qd1 Ra2 0-1

[Event "SVK-chT2C 1112"]
[Site "Slovakia"]
[Date "2011.12.04"]
[Round "6.4"]
[White "Stehlik, Peter"]
[Black "Pal, Peter"]
[Result "1/2-1/2"]
[WhiteElo "1934"]
[BlackElo "2110"]
[PlyCount "60"]
[EventDate "2011.10.08"]
[EventType "team-tourn"]
[EventRounds "11"]
[EventCountry "SVK"]
[SourceTitle "EXT 2013"]
[Source "ChessBase"]
[SourceDate "2012.11.22"]
[SourceVersion "1"]
[SourceVersionDate "2012.11.22"]
[SourceQuality "1"]
[WhiteTeam "Podpolanie Detva"]
[BlackTeam "Filakovo"]
[WhiteTeamCountry "SVK"]
[BlackTeamCountry "SVK"]

1. d4 Nf6 2. Nf3 g6 3. g3 Bg7 4. Bg2 d5 5. c4 Nc6 6. cxd5 Nxd5 7. 0-0 Nb6 8. e3 0-0 9. Nc3 e5 10. d5 Ne7 11. e4 f5 12. Qb3 Kh8 13. exf5 Nxf5 14. Bg5 Nd4 15. Nxd4 Qxg5 16. Ne6 Bxe6 17. dxe6 c6 18. Ne4 Qe7 19. Rac1 Rae8 20. Nc5 e4 21. Bxe4 Bd4 22. Qb4 Bxc5 23. Qxc5 Qxc5 24. Rxc5 Rxe6 25. f3 Rd8 26. Rf2 Red6 27. h4 Rd1+ 28. Kg2 Nd5 29. Re2 Rd7 30. Kf2 Kg7 1/2-1/2

[Event "SVK-chT2C 1112"]
[Site "Slovakia"]
[Date "2011.10.09"]
[Round "2.5"]
[White "Mraz, Ondrej"]
[Black "Pal, Peter"]
[Result "1-0"]
[WhiteElo "1978"]
[BlackElo "2110"]
[PlyCount "97"]
[EventDate "2011.10.08"]
[EventType "team-tourn"]
[EventRounds "11"]
[EventCountry "SVK"]
[SourceTitle "EXT 2013"]
[Source "ChessBase"]
[SourceDate "2012.11.22"]
[SourceVersion "1"]
[SourceVersionDate "2012.11.22"]
[SourceQuality "1"]
[WhiteTeam "Liptov Chess School II"]
[BlackTeam "Filakovo"]
[WhiteTeamCountry "SVK"]
[BlackTeamCountry "SVK"]

1. e4 c5 2. Nf3 Nc6 3. d4 cxd4 4. Nxd4 Nf6 5. Nc3 e5 6. Ndb5 d6 7. Bg5 a6 8. Na3 Be7 9. Bxf6 Bxf6 10. Nd5 b5 11. c3 Bg5 12. Nc2 0-0 13. a4 bxa4 14. Rxa4 Ne7 15. Bc4 Bb7 16. 0-0 a5 17. Qd3 Kh8 18. Rfa1 f5 19. exf5 e4 20. Qd4 Rxf5 21. Nce3 Bxe3 22. Nxe3 Rg5 23. Rd1 d5 24. Qc5 h6 25. Bb3 Qe8 26. Rxa5 Rxa5 27. Qxa5 d4 28. Qb6 Rb5 29. Qe6 Bc8 30. Qxe4 dxe3 31. Ba4 exf2+ 32. Kf1 Bb7 33. Qxb7 Rxb7 34. Bxe8 Rxb2 35. Rd7 Nf5 36. Rd3 g5 37. c4 Rc2 38. Bg6 Rc1+ 39. Kxf2 Ne7 40. Rd8+ Kg7 41. Bd3 h5 42. Ke3 Kf6 43. Kd2 Rg1 44. Bf1 Nf5 45. Ke2 Ke5 46. Rd5+ Ke4 47. Rd8 h4 48. Kf2 Rh1 49. Bd3+ 1-0

[Event "SVK-chT2C 1112"]
[Site "Slovakia"]
[Date "2011.10.08"]
[Round "1.5"]
[White "Pal, Peter"]
[Black "Gregor, Zdenek"]
[Result "1-0"]
[WhiteElo "2110"]
[BlackElo "1833"]
[PlyCount "36"]
[EventDate "2011.10.08"]
[EventType "team-tourn"]
[EventRounds "11"]
[EventCountry "SVK"]
[SourceTitle "EXT 2013"]
[Source "ChessBase"]
[SourceDate "2012.11.22"]
[SourceVersion "1"]
[SourceVersionDate "2012.11.22"]
[SourceQuality "1"]
[WhiteTeam "Filakovo"]
[BlackTeam "Banska Bystrica Junior II"]
[WhiteTeamCountry "SVK"]
[BlackTeamCountry "SVK"]

1. Nf3 e6 2. d4 d5 3. c4 Nf6 4. Nc3 c6 5. e3 Bd6 6. Qc2 h6 7. g4 Nbd7 8. h3 e5 9. dxe5 Nxe5 10. Nxe5 Bxe5 11. Bd2 Be6 12. 0-0-0 dxc4 13. f4 Bc7 14. f5 Bd5 15. e4 0-0 16. exd5 cxd5 17. g5 hxg5 18. Bxg5 Qe7 1-0

[Event "SVK-chT1E 0910"]
[Site "Slovakia"]
[Date "2009.10.17"]
[Round "1.5"]
[White "Bunda, Viktor"]
[Black "Pal, Peter"]
[Result "1-0"]
[WhiteElo "2333"]
[BlackElo "2124"]
[PlyCount "53"]
[EventDate "2009.10.17"]
[EventType "team"]
[EventRounds "11"]
[EventCountry "SVK"]
[SourceTitle "EXT 2011"]
[Source "ChessBase"]
[SourceDate "2010.11.26"]
[SourceVersion "1"]
[SourceVersionDate "2010.11.26"]
[SourceQuality "1"]
[WhiteTeam "Michalovce Zemplin"]
[BlackTeam "Filakovo"]
[WhiteTeamCountry "SVK"]
[BlackTeamCountry "SVK"]

1. e4 c5 2. Nf3 Nc6 3. d4 cxd4 4. Nxd4 Nf6 5. Nc3 e5 6. Ndb5 d6 7. Bg5 a6 8. Na3 b5 9. Nd5 Be7 10. Bxf6 gxf6 11. c3 f5 12. Bd3 f4 13. Qh5 Rb8 14. g3 fxg3 15. hxg3 b4 16. Nc4 bxc3 17. bxc3 Be6 18. 0-0 0-0 19. Nce3 a5 20. Kg2 f6 21. Rh1 Rf7 22. Bc4 Qd7 23. Nf5 Bf8 24. Qh4 Nd8 25. Bb3 Rxb3 26. axb3 Bxd5 27. Qg4+ 1-0

[Event "SVK-chT1E 0809"]
[Site "Slovakia"]
[Date "2008.12.13"]
[Round "5.3"]
[White "Kamody, Mario"]
[Black "Pal, Peter"]
[Result "1/2-1/2"]
[WhiteElo "2086"]
[BlackElo "2134"]
[PlyCount "66"]
[EventDate "2008.10.18"]
[EventType "team-tourn"]
[EventRounds "11"]
[EventCountry "SVK"]
[SourceTitle "EXT 2010"]
[Source "ChessBase"]
[SourceDate "2010.11.25"]
[SourceVersion "1"]
[SourceVersionDate "2010.11.25"]
[SourceQuality "1"]
[WhiteTeam "Banska Bystrica TH junior"]
[BlackTeam "Filakovo"]
[WhiteTeamCountry "SVK"]
[BlackTeamCountry "SVK"]

1. e4 c5 2. Nf3 Nc6 3. d4 cxd4 4. Nxd4 Nf6 5. Nc3 e5 6. Ndb5 d6 7. Bg5 a6 8. Na3 b5 9. Nd5 Be7 10. Bxf6 Bxf6 11. c4 0-0 12. cxb5 Nd4 13. b6 Rb8 14. Nc4 Be6 15. Bd3 Bxd5 16. exd5 e4 17. Bxe4 Re8 18. f3 Rc8 19. Rc1 Bg5 20. Qxd4 Bxc1 21. 0-0 Rxc4 22. Qxc4 Qxb6+ 23. Kh1 Bxb2 24. Qc6 Rb8 25. Rb1 g6 26. Qxb6 Rxb6 27. Bd3 a5 28. a4 Rb4 29. Bb5 Kg7 30. g3 g5 31. Kg2 Kf6 32. Re1 Bd4 33. Re2 Rb2 1/2-1/2

[Event "SVK-chT1E 0607"]
[Site "Slovakia"]
[Date "2007.03.25"]
[Round "11.6"]
[White "Pejko, Otomar"]
[Black "Pal, Peter"]
[Result "1-0"]
[WhiteElo "2231"]
[BlackElo "2180"]
[PlyCount "93"]
[EventDate "2006.10.07"]
[EventType "team-tourn"]
[EventRounds "11"]
[EventCountry "SVK"]
[SourceTitle "EXT 2008"]
[Source "ChessBase"]
[SourceDate "2007.11.25"]
[SourceVersion "1"]
[SourceVersionDate "2007.11.25"]
[SourceQuality "1"]
[WhiteTeam "Kosice Slavia UPJS"]
[BlackTeam "Lucenec Laurex"]
[WhiteTeamCountry "SVK"]
[BlackTeamCountry "SVK"]

1. Nf3 Nf6 2. c4 g6 3. Nc3 d5 4. cxd5 Nxd5 5. e4 Nxc3 6. bxc3 Bg7 7. Bc4 0-0 8. 0-0 c5 9. a4 Nc6 10. h3 Qc7 11. Qe2 b6 12. Bb2 e5 13. Bd5 Bb7 14. Rac1 Qe7 15. Ba3 Rfe8 16. Nh2 Na5 17. Bxb7 Qxb7 18. Ra1 Rad8 19. Ra2 Qc6 20. Bc1 c4 21. Nf3 Rd7 22. Ne1 Red8 23. Nc2 Nb3 24. Nb4 Qc5 25. Nd5 Nxc1 26. Rxc1 f5 27. Ne3 f4 28. Qxc4+ Qxc4 29. Nxc4 f3 30. g3 Kf7 31. Rb1 Ke6 32. Rb5 Rc8 33. Ne3 Bf8 34. a5 Bc5 35. axb6 axb6 36. Nd5 Rc6 37. Ra4 g5 38. Ra6 g4 39. hxg4 Rg7 40. Nxb6 Bd6 41. Rba5 Rxg4 42. d3 Rxc3 43. Nc4 Rc1+ 44. Kh2 Rc2 45. Rxd6+ Ke7 46. Ra7+ Ke8 47. Rb6 1-0

[Event "SVK-chT1E 0607"]
[Site "Slovakia"]
[Date "2007.01.14"]
[Round "7.6"]
[White "Jurcik, Martin"]
[Black "Pal, Peter"]
[Result "1/2-1/2"]
[WhiteElo "2285"]
[BlackElo "2180"]
[PlyCount "54"]
[EventDate "2006.10.07"]
[EventType "team-tourn"]
[EventRounds "11"]
[EventCountry "SVK"]
[SourceTitle "EXT 2008"]
[Source "ChessBase"]
[SourceDate "2007.11.25"]
[SourceVersion "1"]
[SourceVersionDate "2007.11.25"]
[SourceQuality "1"]
[WhiteTeam "Dunajov Inbest"]
[BlackTeam "Lucenec Laurex"]
[WhiteTeamCountry "SVK"]
[BlackTeamCountry "SVK"]

1. e4 c6 2. d4 d6 3. c4 g6 4. Nf3 Bg7 5. Be2 Bg4 6. Be3 Nd7 7. Nc3 e5 8. d5 c5 9. 0-0 Ne7 10. a3 0-0 11. b4 h6 12. Nd2 Bxe2 13. Qxe2 f5 14. f3 f4 15. Bf2 g5 16. Nb3 b6 17. bxc5 bxc5 18. Rfb1 Nf6 19. Be1 h5 20. Nb5 Qd7 21. Na5 g4 22. Ra2 Nh7 23. Nc3 Rab8 24. Rab2 Rxb2 25. Rxb2 Qc7 26. Nb5 Qd7 27. Nc3 Qc7 1/2-1/2

[Event "Zalakaros op 23rd"]
[Site "Zalakaros"]
[Date "2004.05.20"]
[Round "7"]
[White "Frink, Ferenc"]
[Black "Pal, Peter"]
[Result "1-0"]
[WhiteElo "2239"]
[BlackElo "2200"]
[PlyCount "73"]
[EventDate "2004.05.14"]
[EventType "swiss"]
[EventRounds "9"]
[EventCountry "HUN"]
[SourceTitle "EXT 2008"]
[Source "ChessBase"]
[SourceDate "2007.11.25"]
[SourceVersion "1"]
[SourceVersionDate "2007.11.25"]
[SourceQuality "1"]

1. e4 d6 2. d4 Nf6 3. Bd3 c5 4. c3 g6 5. Ne2 Bg7 6. Bg5 Qa5 7. d5 Nbd7 8. 0-0 b5 9. Nd2 Rb8 10. h3 Qb6 11. a4 a6 12. a5 Qc7 13. b4 Nh5 14. Rc1 c4 15. Bb1 h6 16. Be3 g5 17. Nd4 Nf4 18. Bxf4 gxf4 19. Qg4 Be5 20. Ne2 Nf6 21. Qh4 Qd7 22. Nxf4 Rg8 23. Kh1 Ng4 24. Ne2 h5 25. f4 Bf6 26. Qg3 h4 27. Qf3 Nh6 28. Qf2 e6 29. dxe6 Qxe6 30. Nf3 Bb7 31. Ng5 Bxg5 32. fxg5 Rxg5 33. Qxh4 Qg6 34. Nf4 Qg7 35. Nh5 Qg6 36. Nf6+ Kd8 37. Nh7 1-0

[Event "Zalakaros op 23rd"]
[Site "Zalakaros"]
[Date "2004.05.19"]
[Round "6"]
[White "Pal, Peter"]
[Black "Horvath, Tamas5555"]
[Result "1-0"]
[WhiteElo "2200"]
[BlackElo "1684"]
[PlyCount "57"]
[EventDate "2004.05.14"]
[EventType "swiss"]
[EventRounds "9"]
[EventCountry "HUN"]
[SourceTitle "EXT 2008"]
[Source "ChessBase"]
[SourceDate "2007.11.25"]
[SourceVersion "1"]
[SourceVersionDate "2007.11.25"]
[SourceQuality "1"]

1. Nf3 Nf6 2. b4 e6 3. a3 d5 4. e3 b6 5. d4 Bb7 6. c4 c5 7. cxd5 Nxd5 8. Ne5 a6 9. bxc5 bxc5 10. Bd3 Bd6 11. 0-0 0-0 12. Qh5 Nf6 13. Qh4 cxd4 14. exd4 Bxe5 15. dxe5 Qxd3 16. exf6 Qg6 17. f3 Qxf6 18. Qxf6 gxf6 19. Nc3 Nd7 20. Rb1 Bc6 21. Rb4 Kh8 22. Rd1 Rg8 23. Kf2 Rgb8 24. Rbd4 Rb7 25. Rd6 Rc8 26. Bh6 f5 27. R1d2 Rcc7 28. Ne2 Rb5 29. Rc2 1-0

[Event "Zalakaros op 23rd"]
[Site "Zalakaros"]
[Date "2004.05.17"]
[Round "4"]
[White "Pal, Peter"]
[Black "Majeric, Zoran"]
[Result "1/2-1/2"]
[WhiteElo "2200"]
[BlackElo "2366"]
[PlyCount "82"]
[EventDate "2004.05.14"]
[EventType "swiss"]
[EventRounds "9"]
[EventCountry "HUN"]
[SourceTitle "EXT 2008"]
[Source "ChessBase"]
[SourceDate "2007.11.25"]
[SourceVersion "1"]
[SourceVersionDate "2007.11.25"]
[SourceQuality "1"]

1. Nf3 Nf6 2. c4 e6 3. Nc3 d5 4. d4 c6 5. e3 Bb4 6. Bd3 Nbd7 7. cxd5 exd5 8. 0-0 0-0 9. a3 Bd6 10. b4 Re8 11. Bb2 Ne4 12. b5 Ndf6 13. h3 Nxc3 14. Bxc3 Ne4 15. Bb4 Bc7 16. Rc1 Bd7 17. a4 Re6 18. Re1 Rg6 19. Kf1 Qf6 20. Bxe4 dxe4 21. Ne5 Bxe5 22. dxe5 Qf5 23. bxc6 Bxc6 24. Bd6 h5 25. Rc4 Rc8 26. Qe2 Qg5 27. g3 Qf5 28. Kg2 h4 29. Rec1 Bd7 30. Rxc8+ Bxc8 31. g4 Bd7 32. Kh2 Qe6 33. Qc4 Qxc4 34. Rxc4 Bc6 35. a5 a6 36. Rd4 Re6 37. Kg1 Re8 38. Bc7 Kh7 39. Rd8 Re6 40. Rd4 Bb5 41. Bd6 Bc6 1/2-1/2

[Event "SVK-chT 0102"]
[Site "Slovakia"]
[Date "2002.??.??"]
[Round "8"]
[White "Pal, Peter"]
[Black "Vavrak, Peter"]
[Result "0-1"]
[WhiteElo "2239"]
[BlackElo "2351"]
[PlyCount "56"]
[EventDate "2001.10.??"]
[EventType "team"]
[EventRounds "11"]
[EventCountry "SVK"]
[SourceTitle "EXT 2003"]
[Source "ChessBase"]
[SourceDate "2002.11.25"]
[SourceVersion "1"]
[SourceVersionDate "2002.11.25"]
[SourceQuality "1"]

1. Nf3 Nf6 2. c4 e6 3. b3 c5 4. g3 Nc6 5. Bb2 d5 6. cxd5 exd5 7. Bg2 d4 8. d3 Be7 9. 0-0 0-0 10. Nbd2 Be6 11. Rc1 h6 12. a3 Rc8 13. Re1 b5 14. Qc2 Qb6 15. e4 dxe3 16. fxe3 Rfd8 17. Qb1 Bf5 18. e4 Be6 19. Kh1 Rc7 20. Bf1 Ng4 21. Re2 Rcd7 22. h3 Nf6 23. Re3 Nh5 24. Kg2 c4 25. d4 Nxd4 26. Nxd4 Rxd4 27. Bxd4 Qxd4 28. Re2 Qe5 0-1

[Event "HUN-chT3 0102"]
[Site "Hungary"]
[Date "2001.10.02"]
[Round "1.3"]
[White "Zala, Gyula"]
[Black "Pal, Peter"]
[Result "1-0"]
[WhiteElo "2175"]
[BlackElo "2239"]
[PlyCount "107"]
[EventDate "2001.09.30"]
[EventType "team"]
[EventRounds "11"]
[EventCountry "HUN"]
[SourceTitle "EXT 2004"]
[Source "ChessBase"]
[SourceDate "2003.11.25"]
[SourceVersion "1"]
[SourceVersionDate "2003.11.25"]
[SourceQuality "1"]

1. e4 c5 2. a3 Nc6 3. b4 e5 4. b5 Nce7 5. Nf3 d6 6. Bc4 g6 7. c3 f5 8. d3 Nh6 9. Qb3 f4 10. h4 Neg8 11. Ng5 Qf6 12. Nd2 Bd7 13. Ndf3 0-0-0 14. a4 Ne7 15. a5 Kb8 16. Bb2 d5 17. exd5 Nef5 18. a6 b6 19. Ne4 Qe7 20. 0-0-0 Nf7 21. Ba3 N5d6 22. Rhe1 Bg4 23. Nxd6 Qxd6 24. d4 Bxf3 25. gxf3 exd4 26. cxd4 Qc7 27. d6 Nxd6 28. dxc5 bxc5 29. Re6 Bg7 30. Bf1 Rhe8 31. Rxe8 Rxe8 32. Qd5 Bd4 33. Kb1 Re5 34. Qg8+ Re8 35. Qb3 Bxf2 36. Ka2 Bd4 37. Kb1 Re3 38. Qg8+ Re8 39. Qd5 Re5 40. Qg8+ Re8 41. Qd5 Re5 42. Qg8+ Ne8 43. Bc4 Qd7 44. Bc1 Kc7 45. Rd3 Kb6 46. Bd2 Qg7 47. Ra3 Kc7 48. Qxg7+ Nxg7 49. Bxf4 Nf5 50. Rd3 Kb6 51. Bxe5 Bxe5 52. Rd7 Nxh4 53. Rb7+ Ka5 54. b6 1-0

[Event "SVK-chT 0001"]
[Site "Slovakia"]
[Date "2001.03.17"]
[Round "10"]
[White "Kantorik, Marian"]
[Black "Pal, Peter"]
[Result "1-0"]
[WhiteElo "2289"]
[BlackElo "2254"]
[PlyCount "87"]
[EventDate "2000.10.21"]
[EventType "team"]
[EventRounds "11"]
[EventCountry "SVK"]
[SourceTitle "EXT 2002"]
[Source "ChessBase"]
[SourceDate "2001.11.25"]
[SourceVersion "1"]
[SourceVersionDate "2001.11.25"]
[SourceQuality "1"]

1. d4 Nf6 2. c4 e6 3. Nc3 Bb4 4. f3 c5 5. d5 b5 6. e4 bxc4 7. Bxc4 exd5 8. Bxd5 Nxd5 9. Qxd5 Nc6 10. Nge2 Ba6 11. Be3 Ne7 12. Qd6 Bxe2 13. Kxe2 Qb6 14. Rhd1 Qxd6 15. Rxd6 Nc8 16. Rd3 Bxc3 17. Rxc3 d6 18. e5 dxe5 19. Bxc5 f6 20. Rd1 Nb6 21. Bxb6 axb6 22. Rc7 0-0 23. Rdd7 Rfc8 24. Rxg7+ Kf8 25. Rcf7+ Ke8 26. Rb7 Kf8 27. Rxh7 Kg8 28. Rhg7+ Kh8 29. Ke3 Rxa2 30. Ke4 Rxb2 31. Kf5 e4 32. f4 e3 33. Rh7+ Kg8 34. g3 Rc6 35. Rhe7 Rb5+ 36. Kg6 f5+ 37. Kg5 Kf8 38. Rxe3 Rc2 39. h4 Rc6 40. h5 Rd5 41. Re5 Rxe5 42. fxe5 Rc3 43. Kf6 Kg8 44. h6 1-0

[Event "HUN-ch op"]
[Site "Zalakaros"]
[Date "2001.??.??"]
[Round "5"]
[White "Pal, Peter"]
[Black "Albert, Kornelia"]
[Result "1-0"]
[WhiteElo "2254"]
[BlackElo "2128"]
[PlyCount "59"]
[EventDate "2001.??.??"]
[EventType "swiss"]
[EventRounds "9"]
[EventCountry "HUN"]
[SourceTitle "EXT 2002"]
[Source "ChessBase"]
[SourceDate "2001.11.25"]
[SourceVersion "1"]
[SourceVersionDate "2001.11.25"]
[SourceQuality "1"]

1. d4 d5 2. Nf3 Nf6 3. c4 c6 4. e3 e6 5. Nc3 Nbd7 6. Qc2 Bd6 7. g4 dxc4 8. Bxc4 Nd5 9. e4 Nxc3 10. bxc3 e5 11. 0-0 Nb6 12. Bb3 Bxg4 13. Ng5 Bh5 14. f4 exf4 15. Qg2 f3 16. Rxf3 Bxf3 17. Bxf7+ Ke7 18. Qxf3 h6 19. e5 Rf8 20. Qf5 Qd7 21. exd6+ Kd8 22. Ne6+ Kc8 23. Nxf8 Qxf5 24. Be6+ Qxe6 25. Nxe6 Kd7 26. Nxg7 Rg8 27. Bxh6 Kxd6 28. Re1 Nd5 29. c4 Nc3 30. h4 1-0